书目信息 |
| 题名: |
邮传万里
|
|
| 作者: | 王子今 | |
| 分册: | ||
| 出版信息: | 长春 长春出版社 2004 |
|
| 页数: | 275 | |
| 开本: | 20cm | |
| 丛书名: | ||
| 单 册: | ||
| 中图分类: | F6 | |
| 科图分类: | ||
| 主题词: | 邮电经济 | |
| 电子资源: | ||
| ISBN: | 7-80664-620-5 | |
| 000 | 00524nam0 2200193 450 | |
| 001 | 0735257515 | |
| 005 | 20070904094737.51 | |
| 010 | @a7-80664-620-5@d38 | |
| 100 | @a20070904d km y0chiy0120 ea | |
| 101 | 0 | @achi |
| 200 | 1 | @a邮传万里@Ayou chuan wan li@e驿站与邮递@f王子今@Fwang zi jin |
| 210 | @a长春@c长春出版社@d2004 | |
| 215 | @a275@d20cm | |
| 517 | 1 | @a驿站与邮递@Ayi zhan yu you di |
| 606 | 0 | @a邮电经济 |
| 690 | @aF6@v3 | |
| 701 | 0 | @a王子今@Awang zi jin |
| 801 | 0 | @aCN@bPFT@c20070904 |
| 905 | @a213230@dF6@ea1@f1 | |
| 邮传万里:驿站与邮递/王子今.-长春:长春出版社,2004 |
| 275;20cm |
| ISBN 7-80664-620-5:38 |
| ● |
| 相关链接 |
|
|
|
|
正题名:邮传万里
索取号:F6/a1
 
预约/预借
| 序号 | 登录号 | 条形码 | 馆藏地/架位号 | 状态 | 备注 |
| 1 | 7503231 | 275032313 | 史法系资料室/ [索取号:F6/a1] | 在馆 |